Library of the University of Algiers 3
Ibrahim Sultan Cheibout
شعار جامعة الجزائر 3
مكتبة جامعة الجزائر 3
إبراهيم سلطان شيبوط

التجارة الالكترونية و حمايتها القانونية / (رقم التسجيلة. 43731)

تفاصيل مارك
000 -LEADER
fixed length control field 02830nam a2200229Ia 4500
003 - CONTROL NUMBER IDENTIFIER
control field Ost
005 - DATE AND TIME OF LATEST TRANSACTION
control field 20260507075255.0
008 - FIXED-LENGTH DATA ELEMENTS--GENERAL INFORMATION
fixed length control field 260507s9999||||xx |||||||||||||| ||und||
020 ## - INTERNATIONAL STANDARD BOOK NUMBER
International Standard Book Number 40125160977
040 ## - CATALOGING SOURCE
Transcribing agency fsecg
041 ## - LANGUAGE CODE
Language code of text/sound track or separate title ara
082 ## - DEWEY DECIMAL CLASSIFICATION NUMBER
Classification number 330
100 ## - MAIN ENTRY--PERSONAL NAME
Personal name حجازي، عبد الفتاح بيومي
Relator term مؤلف
245 #0 - TITLE STATEMENT
Title التجارة الالكترونية و حمايتها القانونية /
Statement of responsibility, etc. عبد الفتاح بيومي حجازي
260 ## - PUBLICATION, DISTRIBUTION, ETC.
Place of publication, distribution, etc. الاسكندرية:
Name of publisher, distributor, etc. دار الفكر الجامعي,
Date of publication, distribution, etc. 2006
300 ## - PHYSICAL DESCRIPTION
Extent 722 صفحة؛
Dimensions 25 سم
520 ## - SUMMARY, ETC.
Summary, etc. تطور التجارة الاليكترونية و التعريف بها ، حجم هذه التجارة و نفقاتها الباهضة ، التكنولوجيا و انتقالها بين دول العالم و اختراق مواقع التجارة الايليكترونية و اتلافها أو تدميرها ، مشكلات أداء الوفاء ، بطاقات الائتمان ، المستهلك و حمايته في التجارة الايليكترونية ، القانون الواجب التطبيق و المحكمة المختصة ، حماية التوقيع الالكتروني ، تشفير البيانات و حماية المستهلك ، حماية أسماء الدومين و العلامات التجارية ، مفهوم المصلحة المحمية و المبادئ التي تحكمها ، حماية المصلحة ضد الغش و التحايل ، الدخول غير المشروع لمواقع التجارة الاليكترونية ، الحماية الجنائية للبيانات الشخصية أو الاسمية ، المسؤولية الجنائية لمقدمي الخدمات الوسيطية في الانترنيت ، حماية الاموال في نطاق التجارة الايليكترونية ، التعامل في بيانات التجارة الاليكترونية بدون ترخيص و انتهاك سرية و خصوصية البيانات ، جريمة التصريح عمدا بمعطيات خاطئة ، جرائم الاعتداء على التوقيع الاليكتروني و جرائم الاعتداء على البيانات المشفرة ، استغلال المتعامل في البيع الالكتروني ، جريمة التهرب الضريبي في التجارة الالكترونية و حماية البطاقات الممغنطة كوسيلة وفاء في التجارة الاليكترونية ، الحماية الجنائية للتجارة الاليكترونية في فرنسا و في لكسمبورج و في التشريع المصري و في القانون التونسي.
653 ## - INDEX TERM--UNCONTROLLED
Uncontrolled term التجارة
653 ## - INDEX TERM--UNCONTROLLED
Uncontrolled term التجارة الإلكترونية
653 ## - INDEX TERM--UNCONTROLLED
Uncontrolled term القانون التجاري
942 ## - ADDED ENTRY ELEMENTS (KOHA)
Koha item type كتب
المقتنيات
Withdrawn status Lost status Source of classification or shelving scheme Damaged status Not for loan Home library Current library Date acquired Serial enumeration / chronology Inventory number Total checkouts Full call number Barcode Date last seen Price effective from Koha item type
    Dewey Decimal Classification   NOT LOAN / إعارة داخلية مكتبة كلية العلوم الإقتصادية والعلوم التجارية وعلوم التسيير مكتبة كلية العلوم الإقتصادية والعلوم التجارية وعلوم التسيير 07/05/2026 الطابق الأرضي 2011/3401   أ/3751ن1 2011/3401 07/05/2026 07/05/2026 كتب
    Dewey Decimal Classification   Available مكتبة كلية العلوم الإقتصادية والعلوم التجارية وعلوم التسيير مكتبة كلية العلوم الإقتصادية والعلوم التجارية وعلوم التسيير 07/05/2026 الطابق الأرضي 2011/3402   أ/3751ن2 2011/3402 07/05/2026 07/05/2026 كتب
    Dewey Decimal Classification   Available مكتبة كلية العلوم الإقتصادية والعلوم التجارية وعلوم التسيير مكتبة كلية العلوم الإقتصادية والعلوم التجارية وعلوم التسيير 07/05/2026 الطابق الثاني 2011/3403   أ/3751ن3 2011/3403 07/05/2026 07/05/2026 كتب

موارد الويب المفتوحة


© University of Algiers 3 All Rights Reserved
|
Implemented by LECHELAH Riad